[Event "Nordisk Mesterskab Ungdom U17 2026"]
[Site "Fredericia"]
[Date "2026.02.13"]
[Round "1.1"]
[White "Haug, Havard"]
[Black "Briem, Gudrun Fanney"]
[Result "1-0"]
[WhiteElo "2412"]
[BlackElo "2004"]
[WhiteFideId "1547887"]
[BlackFideId "2317486"]
[EventDate "2026.02.13"]
[EventType "swiss"]
[EventRounds "6"]
[EventCountry "DEN"]
[SourceTitle "Live v. Fredericia Chess Club"]

1. Nf3 d5 2. d4 Nf6 3. Bf4 e6 4. e3 Bd6 5. Nbd2 O-O 6. Bd3 c5 7. c3 b6 8. Qe2 Bxf4 9. exf4 Qd6 10. g3 a5 11. O-O Ba6 12. Bxa6 Nxa6 13. Ne5 Nc7 14. Ndf3 b5 15. a4 c4 16. axb5 Nxb5 17. Ra4 Qb6 18. Rfa1 Nd6 19. Kg2 Rab8 20. R1a2 Nb7 21. h4 Qd6 22. Qc2 Qc7 23. Ra1 Rbd8 24. Rh1 Nh5 25. Ng5 g6 26. Ng4 Rd6 27. Qe2 Qd7 28. Raa1 f5 29. Ne5 Qe7 30. Rhb1 Rb6 31. Qc2 Rb3 32. Ra3 Rb6 33. Raa1 Rb3 34. Nc6 Qc7 35. Nxa5 Nxa5 36. Nxe6 Qb6 37. Nxf8 Kxf8 38. Qe2 Nf6 39. Qe5 Nd7 40. Qh8+ Ke7 41. Re1+ Kd6 42. Qxh7 Rxb2 43. Qxg6+ Kc7 44. Qxb6+ Kxb6 45. Re7 Nb8 46. h5 Nb3 47. h6 Nxa1 48. h7 Nc6 49. Re6 1-0

[Event "Nordisk Mesterskab Ungdom U17 2026"]
[Site "Fredericia"]
[Date "2026.02.13"]
[Round "1.2"]
[White "Oskarsson, Markus Orri"]
[Black "Seiger, Vidar"]
[Result "1/2-1/2"]
[WhiteElo "1989"]
[BlackElo "2308"]
[WhiteFideId "2320118"]
[BlackFideId "1756079"]
[EventDate "2026.02.13"]
[EventType "swiss"]
[EventRounds "6"]
[EventCountry "DEN"]
[SourceTitle "Live v. Fredericia Chess Club"]

1. d4 Nf6 2. c4 g6 3. Nc3 Bg7 4. e4 O-O 5. Be2 d6 6. Be3 c6 7. h4 a6 8. h5 b5 9. h6 Bh8 10. a3 Nbd7 11. Nf3 e5 12. d5 cxd5 13. cxd5 Nb6 14. Ng5 Bd7 15. b3 Rb8 16. O-O Qe7 17. Na2 Rfc8 18. Qd2 Ng4 19. Bxg4 Bxg4 20. Nb4 f6 21. Ne6 Bxe6 22. dxe6 Qxe6 23. Nxa6 Ra8 24. Nb4 Nd7 25. Rfd1 Nc5 26. Qxd6 Qxd6 27. Rxd6 Nxe4 28. Rd7 Nc3 29. Kf1 f5 30. Rc1 Bf6 31. a4 bxa4 32. bxa4 f4 33. Bd2 Nxa4 34. Rxc8+ Rxc8 35. Nd5 Bg5 36. Bb4 Rd8 37. Ne7+ Bxe7 38. Rxe7 Nb6 1/2-1/2

[Event "Nordisk Mesterskab Ungdom U17 2026"]
[Site "Fredericia"]
[Date "2026.02.13"]
[Round "1.3"]
[White "Khoo Thwe, Louis"]
[Black "Magnussen, Petur Gardar"]
[Result "0-1"]
[WhiteElo "2252"]
[BlackElo "1951"]
[WhiteFideId "1538756"]
[BlackFideId "7203802"]
[EventDate "2026.02.13"]
[EventType "swiss"]
[EventRounds "6"]
[EventCountry "DEN"]
[SourceTitle "Live v. Fredericia Chess Club"]

1. e4 e5 2. Nf3 Nc6 3. Bc4 Bc5 4. d3 Nf6 5. Nbd2 d6 6. c3 a5 7. O-O O-O 8. h3 Be6 9. Re1 h6 10. Bb5 Ba7 11. Nf1 Ne7 12. Ng3 Ng6 13. d4 c6 14. Bd3 Qc7 15. Be3 Rfe8 16. Qd2 Kh7 17. Nf5 Bxf5 18. exf5 e4 19. fxg6+ fxg6 20. Be2 exf3 21. Bxf3 Ne4 22. Qc2 d5 23. g3 Qf7 24. Bg2 Bb8 25. c4 Bd6 26. Rac1 Re7 27. Qd3 Rae8 28. c5 Bb8 29. a4 Qf5 30. Rcd1 h5 31. h4 Nxg3 32. fxg3 Bxg3 33. Re2 Qg4 34. Rdd2 Qxh4 35. Bf2 Qh2+ 36. Kf1 Bxf2 37. Kxf2 Rf7+ 38. Qf3 Rxf3+ 39. Kxf3 Rf8+ 40. Ke3 Qg3+ 41. Bf3 Qxf3# 0-1

[Event "Nordisk Mesterskab Ungdom U17 2026"]
[Site "Fredericia"]
[Date "2026.02.13"]
[Round "1.4"]
[White "Bjerg, Ludvig"]
[Black "Asikainen, Eeli"]
[Result "0-1"]
[WhiteElo "1931"]
[BlackElo "2138"]
[WhiteFideId "1477676"]
[BlackFideId "515990"]
[EventDate "2026.02.13"]
[EventType "swiss"]
[EventRounds "6"]
[EventCountry "DEN"]
[SourceTitle "Live v. Fredericia Chess Club"]

1. Nf3 d5 2. d4 e6 3. e3 Nf6 4. Bd3 Bd6 5. O-O O-O 6. b3 c5 7. Nbd2 Nc6 8. Bb2 b6 9. Re1 cxd4 10. exd4 Qc7 11. a3 a5 12. Qe2 Ne7 13. Ne5 Ng6 14. g3 Bb7 15. h4 Ne7 16. Kg2 b5 17. g4 Bxe5 18. dxe5 d4+ 19. Kg1 Nfd5 20. Qe4 Ng6 21. Qxd4 Nxh4 22. c4 bxc4 23. bxc4 Nb6 24. Be4 Rad8 25. Qc3 Rxd2 26. Qxd2 Bxe4 27. Re3 Nf3+ 28. Rxf3 Bxf3 29. Qf4 Bb7 30. Rc1 Rd8 31. c5 Nd5 32. Qc4 Qc6 33. Kf1 Ba6 0-1

[Event "Nordisk Mesterskab Ungdom U17 2026"]
[Site "Fredericia"]
[Date "2026.02.13"]
[Round "1.5"]
[White "Valpas, Jami"]
[Black "Normann Topp, Xavi"]
[Result "1-0"]
[WhiteElo "2112"]
[BlackElo "1833"]
[WhiteFideId "517046"]
[BlackFideId "1476106"]
[EventDate "2026.02.13"]
[EventType "swiss"]
[EventRounds "6"]
[EventCountry "DEN"]
[SourceTitle "Live v. Fredericia Chess Club"]

1. e4 c5 2. Nf3 g6 3. d4 cxd4 4. Nxd4 Bg7 5. c4 Nc6 6. Be3 Nf6 7. Nc3 d6 8. f3 O-O 9. Qd2 Bd7 10. Rc1 a5 11. Be2 Nxd4 12. Bxd4 Bc6 13. O-O Nd7 14. Bxg7 Kxg7 15. Qd4+ Kg8 16. Rfd1 Nc5 17. Rb1 Qc7 18. b3 Rfd8 19. a3 e5 20. Qe3 Ne6 21. Bd3 Kg7 22. Ne2 h6 23. Rf1 g5 24. g3 Rg8 25. f4 gxf4 26. gxf4 Kh7+ 27. Kh1 Nc5 28. Bc2 Rg7 29. Ng3 Qe7 30. Nf5 Qf6 31. Nxg7 Kxg7 32. f5 b6 33. Rbe1 Kh7 34. Rf3 Rg8 35. b4 axb4 36. axb4 Nd7 37. Rg1 Ra8 38. Rf2 Ra2 39. Qg3 Qh8 40. Bb1 Ra4 41. f6 Ra8 42. Qg4 Nf8 43. b5 Bb7 44. Qf5+ Ng6 45. Rxg6 fxg6 46. Qd7+ Kg8 47. Qe6+ Kf8 48. Qe7+ Kg8 49. f7+ 1-0

[Event "Nordisk Mesterskab Ungdom U17 2026"]
[Site "Fredericia"]
[Date "2026.02.13"]
[Round "1.6"]
[White "Jamil, Emil Jacobsen"]
[Black "Tripathi, Pratyush"]
[Result "0-1"]
[WhiteElo "1789"]
[BlackElo "2062"]
[WhiteFideId "7204183"]
[BlackFideId "1763121"]
[EventDate "2026.02.13"]
[EventType "swiss"]
[EventRounds "6"]
[EventCountry "DEN"]
[SourceTitle "Live v. Fredericia Chess Club"]

1. c4 e6 2. g3 Nf6 3. Bg2 d5 4. Nf3 Be7 5. O-O O-O 6. d4 b6 7. Qc2 Bb7 8. Nc3 Nbd7 9. Re1 a6 10. Bf4 dxc4 11. e4 b5 12. Ne5 Nxe5 13. Bxe5 Ng4 14. Bf4 Qxd4 15. Rad1 Qb6 16. h3 Nf6 17. Be3 Bc5 18. a4 Rfd8 19. a5 Qc6 20. Bg5 Be7 21. f4 h6 22. Bh4 Qc5+ 23. Kh2 Nh7 24. Ne2 Bxh4 25. gxh4 Qf2 26. Qc3 Bxe4 0-1

[Event "Nordisk Mesterskab Ungdom U17 2026"]
[Site "Fredericia"]
[Date "2026.02.13"]
[Round "1.7"]
[White "Frydendahl, Noah Skotte"]
[Black "Granlien, Aslak Sander"]
[Result "1-0"]
[WhiteElo "2055"]
[BlackElo "1400"]
[WhiteFideId "1473239"]
[EventDate "2026.02.13"]
[EventType "swiss"]
[EventRounds "6"]
[EventCountry "DEN"]
[SourceTitle "Live v. Fredericia Chess Club"]

1. e4 e5 2. Nf3 Nc6 3. Bb5 Nf6 4. O-O Bc5 5. c3 d6 6. d4 Bb6 7. d5 Bd7 8. dxc6 bxc6 9. Bd3 O-O 10. a4 a5 11. Bg5 h6 12. Bh4 Rb8 13. Nbd2 Bg4 14. h3 Bh5 15. Qc2 Bg6 16. b4 Bh7 17. Rab1 g5 18. Bg3 Re8 19. Rfe1 Nh5 20. Bh2 Qd7 21. Be2 Kh8 22. Nxe5 dxe5 23. Bxh5 f5 24. Bxe8 Rxe8 25. bxa5 Bxa5 26. Nc4 Bb6 27. Bxe5+ Kg8 28. Nxb6 cxb6 29. Qb3+ Kf8 30. Rbd1 Qb7 31. exf5 Rxe5 32. Rxe5 Qc7 33. Qe6 1-0

[Event "Nordisk Mesterskab Ungdom U17 2026"]
[Site "Fredericia"]
[Date "2026.02.13"]
[Round "2.1"]
[White "Tripathi, Pratyush"]
[Black "Haug, Havard"]
[Result "1/2-1/2"]
[WhiteElo "2062"]
[BlackElo "2412"]
[WhiteFideId "1763121"]
[BlackFideId "1547887"]
[EventDate "2026.02.13"]
[EventType "swiss"]
[EventRounds "6"]
[EventCountry "DEN"]
[SourceTitle "Live v. Fredericia Chess Club"]

1. Nf3 Nf6 2. c4 e6 3. Nc3 d5 4. e3 Nbd7 5. b3 b6 6. Bb2 Bb7 7. Rc1 a6 8. cxd5 exd5 9. d4 Bd6 10. g3 O-O 11. Bg2 Re8 12. O-O Rc8 13. Ne2 a5 14. Nf4 Qe7 15. Nd3 Ne4 16. Nfe5 Nxe5 17. Nxe5 c5 18. Re1 f6 19. Bxe4 dxe4 20. Nc4 cxd4 21. Nxd6 Qxd6 22. Qxd4 Qe6 23. Rxc8 Rxc8 24. Rc1 Rxc1+ 25. Bxc1 h5 26. Qd1 h4 27. gxh4 Qf5 28. Ba3 Bc6 29. Bd6 Qd7 30. Kh1 Qf5 31. Bg3 Be8 32. Qd8 Qh5 33. Kg1 Kh7 34. Qd2 Qf5 35. Qc1 Bh5 36. Qf1 Bg4 37. Bf4 b5 38. Bg3 b4 39. Qc1 Bh3 40. Qd1 Bg4 41. Qc1 Bf3 42. Qf1 Qd7 43. h3 Qd2 44. Qb1 Qd3 45. Qf1 Qc2 46. Qa1 Kh6 47. Kh2 Kg6 48. Kg1 a4 49. bxa4 Qxa4 50. Qb1 Qd7 51. Kh2 Qd2 52. Kg1 Kf7 53. Qa1 Ke6 54. Qb1 Kd5 55. Bc7 Kc4 56. Qb3+ Kb5 57. Qb1 Qd3 58. Qb3 Qd2 59. Qb1 Kc6 60. Bg3 Kc5 61. Kh2 Qc3 62. Bf4 Kb5 63. Kg1 Qd2 64. a3 Qd1+ 65. Qxd1 Bxd1 66. axb4 1/2-1/2

[Event "Nordisk Mesterskab Ungdom U17 2026"]
[Site "Fredericia"]
[Date "2026.02.13"]
[Round "2.2"]
[White "Asikainen, Eeli"]
[Black "Frydendahl, Noah Skotte"]
[Result "0-1"]
[WhiteElo "2138"]
[BlackElo "2055"]
[WhiteFideId "515990"]
[BlackFideId "1473239"]
[EventDate "2026.02.13"]
[EventType "swiss"]
[EventRounds "6"]
[EventCountry "DEN"]
[SourceTitle "Live v. Fredericia Chess Club"]

1. e4 e5 2. Nf3 Nc6 3. Bc4 Nf6 4. d3 Bc5 5. c3 O-O 6. O-O d6 7. Bb3 a6 8. Nbd2 Ne7 9. d4 exd4 10. cxd4 Ba7 11. h3 Ng6 12. Re1 Re8 13. Ng5 Re7 14. e5 dxe5 15. dxe5 Nd5 16. Ndf3 c6 17. Bc2 Qb6 18. Re2 Be6 19. Nxe6 Rxe6 20. Ng5 Re7 21. e6 f6 22. Nxh7 Ngf4 23. Bxf4 Nxf4 24. Rd2 Nxe6 25. Qg4 Qxb2 26. Re1 Rae8 27. Rde2 Qd4 28. Qf5 Nf4 29. Nxf6+ gxf6 30. Qg4+ Kf8 31. Rxe7 Qxf2+ 32. Kh2 Rxe7 33. Qc8+ Kf7 34. Bb3+ Nd5 35. Bxd5+ cxd5 36. Rxe7+ Kxe7 37. Qxb7+ Kd6 38. Qxa6+ Bb6 39. Qa3+ Ke6 0-1

[Event "Nordisk Mesterskab Ungdom U17 2026"]
[Site "Fredericia"]
[Date "2026.02.13"]
[Round "2.3"]
[White "Magnussen, Petur Gardar"]
[Black "Valpas, Jami"]
[Result "1-0"]
[WhiteElo "1951"]
[BlackElo "2112"]
[WhiteFideId "7203802"]
[BlackFideId "517046"]
[EventDate "2026.02.13"]
[EventType "swiss"]
[EventRounds "6"]
[EventCountry "DEN"]
[SourceTitle "Live v. Fredericia Chess Club"]

1. e4 c5 2. Nf3 g6 3. d4 cxd4 4. Nxd4 Bg7 5. Nc3 Nc6 6. Be3 Nf6 7. Bc4 Qa5 8. f3 d6 9. Qd2 O-O 10. g4 Nd7 11. O-O-O Nxd4 12. Bxd4 Ne5 13. Be2 Nc6 14. Bxg7 Kxg7 15. h4 Be6 16. Kb1 Rac8 17. f4 f6 18. f5 Bf7 19. g5 Qe5 20. Rdg1 Nd4 21. Bg4 Rcd8 22. h5 fxg5 23. hxg6 hxg6 24. Qxg5 Rh8 25. Bh5 Qf6 26. Qe3 Rdg8 27. Bxg6 Rxh1 28. Rxh1 Bxg6 29. Nd5 Nxf5 30. exf5 Qxf5 31. Nxe7 Qxc2+ 32. Ka1 Rh8 33. Qd4+ Kf7 34. Qxh8 Kxe7 35. Qg7+ Ke6 36. Re1+ Be4 37. Qxb7 d5 38. Qxa7 Ke5 39. Qe7+ Kd4 40. Qg7+ Kd3 41. Qg3+ Kc4 42. Qe3 Kb5 43. Rc1 1-0

[Event "Nordisk Mesterskab Ungdom U17 2026"]
[Site "Fredericia"]
[Date "2026.02.13"]
[Round "2.4"]
[White "Seiger, Vidar"]
[Black "Khoo Thwe, Louis"]
[Result "1/2-1/2"]
[WhiteElo "2308"]
[BlackElo "2252"]
[WhiteFideId "1756079"]
[BlackFideId "1538756"]
[EventDate "2026.02.13"]
[EventType "swiss"]
[EventRounds "6"]
[EventCountry "DEN"]
[SourceTitle "Live v. Fredericia Chess Club"]

1. Nf3 d5 2. e3 c5 3. b3 Nf6 4. Bb2 g6 5. c4 dxc4 6. Bxc4 Bg7 7. O-O O-O 8. d4 cxd4 9. Nxd4 Bd7 10. Nd2 Nc6 11. Be2 Nxd4 12. Bxd4 Bc6 13. Qc2 Rc8 14. Qb2 Ne8 15. Bxg7 Nxg7 16. Rfd1 e6 17. b4 Qg5 18. Nf3 Qe7 19. b5 Bd5 20. a4 Rc5 21. Qb4 Bxf3 22. Bxf3 Rfc8 23. Rac1 b6 24. Rxc5 Rxc5 25. g3 e5 26. Bc6 Ne6 27. h4 Qf6 28. Qe4 Kg7 29. Kg2 Rc3 30. Rd5 Ra3 31. Qxe5 Qxe5 32. Rxe5 Rxa4 33. Rd5 1/2-1/2

[Event "Nordisk Mesterskab Ungdom U17 2026"]
[Site "Fredericia"]
[Date "2026.02.13"]
[Round "2.5"]
[White "Briem, Gudrun Fanney"]
[Black "Oskarsson, Markus Orri"]
[Result "1-0"]
[WhiteElo "2004"]
[BlackElo "1989"]
[WhiteFideId "2317486"]
[BlackFideId "2320118"]
[EventDate "2026.02.13"]
[EventType "swiss"]
[EventRounds "6"]
[EventCountry "DEN"]
[SourceTitle "Live v. Fredericia Chess Club"]

1. e4 c5 2. c3 Nf6 3. e5 Nd5 4. Nf3 d6 5. d4 cxd4 6. cxd4 Nc6 7. Bc4 dxe5 8. dxe5 Be6 9. O-O g6 10. Ng5 Bg7 11. Nxe6 fxe6 12. f4 Qa5 13. Kh1 Rd8 14. Bd2 Qc5 15. Na3 O-O 16. Qg4 Nd4 17. Bxd5 Qxd5 18. Be3 Nf5 19. Bxa7 Qd2 20. Nc4 Qb4 21. Qe2 b5 22. Na3 Rd5 23. Bf2 Qxf4 24. Nxb5 Bxe5 25. g3 Qh6 26. Kg2 Qg5 27. Kh1 Qh6 28. Kg2 Rb8 29. a4 Nd6 30. Nxd6 exd6 31. Qg4 g5 32. Rab1 Rd2 33. Kh1 Qg6 34. Be3 Rdxb2 35. Rxb2 Rxb2 36. a5 h5 37. Qf3 g4 38. Qf8+ Kh7 39. Rf7+ Bg7 40. Qxg7+ Qxg7 41. Rxg7+ Kxg7 42. Bd4+ 1-0

[Event "Nordisk Mesterskab Ungdom U17 2026"]
[Site "Fredericia"]
[Date "2026.02.13"]
[Round "2.6"]
[White "Granlien, Aslak Sander"]
[Black "Bjerg, Ludvig"]
[Result "0-1"]
[WhiteElo "1400"]
[BlackElo "1931"]
[BlackFideId "1477676"]
[EventDate "2026.02.13"]
[EventType "swiss"]
[EventRounds "6"]
[EventCountry "DEN"]
[SourceTitle "Live v. Fredericia Chess Club"]

1. e4 c6 2. d4 d5 3. e5 Bf5 4. Bd3 Bxd3 5. Qxd3 e6 6. Nf3 Ne7 7. O-O Nf5 8. Nc3 Be7 9. Ne2 O-O 10. Ng3 Nxg3 11. fxg3 Nd7 12. h4 h6 13. Be3 c5 14. c3 Rc8 15. Bf2 g6 16. Rae1 Qb6 17. Re2 Kg7 18. Be3 a5 19. Qd2 Rh8 20. Ref2 Rcf8 21. Nh2 cxd4 22. cxd4 h5 23. Nf3 f5 24. exf6+ Bxf6 25. Ne5 Qd8 26. Bg5 Bxg5 27. Qxg5 Qxg5 28. hxg5 Nxe5 29. dxe5 Rxf2 30. Rxf2 Rc8 31. Rf6 Rc6 32. Kf2 a4 33. Ke3 Rb6 34. Rf4 Rxb2 35. Rxa4 Rxg2 36. Kf3 Rb2 37. Ra7 Kf7 38. Ke3 Rb4 39. Kd3 Ke8 40. Kc3 Rg4 41. a4 Rxg3+ 42. Kb4 Kd7 43. Rxb7+ Kc6 44. Re7 Rg4+ 45. Ka5 Rxg5 46. Rxe6+ Kc7 47. Rd6 d4 48. Kb4 Rxe5 49. Rxd4 g5 50. Rc4+ Kb7 51. a5 g4 52. Ka4 g3 53. Rb4+ Ka7 54. Rf4 g2 55. Rf7+ Kb8 56. Rg7 Re4+ 57. Kb5 Rg4 0-1

[Event "Nordisk Mesterskab Ungdom U17 2026"]
[Site "Fredericia"]
[Date "2026.02.13"]
[Round "2.7"]
[White "Normann Topp, Xavi"]
[Black "Jamil, Emil Jacobsen"]
[Result "1-0"]
[WhiteElo "1833"]
[BlackElo "1789"]
[WhiteFideId "1476106"]
[BlackFideId "7204183"]
[EventDate "2026.02.13"]
[EventType "swiss"]
[EventRounds "6"]
[EventCountry "DEN"]
[SourceTitle "Live v. Fredericia Chess Club"]

1. c4 c5 2. g3 g6 3. Nc3 Nc6 4. Bg2 Bg7 5. d3 a6 6. e4 Rb8 7. a4 e6 8. Nge2 Nge7 9. O-O O-O 10. Be3 Nd4 11. Bf4 e5 12. Bd2 Nec6 13. Nxd4 Nxd4 14. Nd5 d6 15. Rb1 b5 16. axb5 axb5 17. b3 f5 18. Be3 h6 19. Bxd4 cxd4 20. exf5 Bxf5 21. h3 b4 22. Qd2 h5 23. Ra1 Qd7 24. Kh2 Kh7 25. Ra4 Bh6 26. Qc2 Rf7 27. Rxb4 Rxb4 28. Nxb4 h4 29. Nd5 hxg3+ 30. fxg3 Be6 31. Nf6+ Rxf6 32. Rxf6 Bf5 33. Be4 Bg7 34. Rxf5 gxf5 35. Bd5 Bh6 36. Qe2 Kg6 37. b4 Be3 38. b5 Qa7 39. Qb2 Qa5 40. b6 Qe1 41. Qg2 Kf6 42. Bf3 f4 43. g4 Bf2 44. h4 Be3 45. Kh3 Qb4 46. b7 Qb1 47. Bc6 Qb4 48. Bb5 1-0

[Event "Nordisk Mesterskab Ungdom U17 2026"]
[Site "Fredericia"]
[Date "2026.02.14"]
[Round "3.1"]
[White "Frydendahl, Noah Skotte"]
[Black "Magnussen, Petur Gardar"]
[Result "1-0"]
[WhiteElo "2055"]
[BlackElo "1951"]
[WhiteFideId "1473239"]
[BlackFideId "7203802"]
[EventDate "2026.02.13"]
[EventType "swiss"]
[EventRounds "6"]
[EventCountry "DEN"]
[SourceTitle "Live v. Fredericia Chess Club"]

1. e4 e5 2. Nf3 Nc6 3. Bb5 a6 4. Ba4 Nf6 5. O-O b5 6. Bb3 Be7 7. Re1 O-O 8. c3 d5 9. d3 dxe4 10. dxe4 Bg4 11. Qe2 Na5 12. Bc2 c5 13. Nbd2 Qc7 14. h3 Be6 15. Ng5 Bd7 16. Nf1 h6 17. Nf3 Rad8 18. Ne3 Rfe8 19. c4 bxc4 20. Bd2 c3 21. Bxc3 Bb5 22. Bxa5 Qxa5 23. Nc4 Qb4 24. b3 Bd6 25. Bd3 Bc7 26. Qc2 Bc6 27. Rad1 Qb7 28. Rd2 Nh5 29. g3 Nf6 30. Rde2 Nh7 31. Qc3 f6 32. Na5 Rxd3 33. Qc4+ Bd5 34. Qxd3 Bxa5 35. Qxd5+ Qxd5 36. exd5 Bxe1 37. Nxe1 Rd8 38. Rd2 Ng5 39. Kg2 Ne4 40. Rd3 Kf7 41. Nc2 Nd6 42. Ne3 Rc8 43. Rc3 Ke7 44. Nc4 Nxc4 45. bxc4 Rb8 46. Ra3 Rb4 47. Rxa6 Rxc4 48. Rc6 Rc2 49. a4 Ra2 50. Rxc5 Rxa4 51. Rc7+ Kd6 52. Rxg7 Kxd5 53. Rg6 Ke6 54. Rxh6 Kf5 55. Rh8 Kg6 56. Rg8+ Kh7 57. Re8 Kg6 58. h4 Ra2 59. Re7 Ra6 60. g4 Kh6 61. Kg3 Kg6 62. f3 Rb6 63. h5+ Kh6 64. Rf7 Rc6 65. Kh4 Rb6 66. Rxf6+ Rxf6 67. g5+ Kg7 68. gxf6+ Kxf6 69. Kg4 1-0

[Event "Nordisk Mesterskab Ungdom U17 2026"]
[Site "Fredericia"]
[Date "2026.02.14"]
[Round "3.2"]
[White "Haug, Havard"]
[Black "Seiger, Vidar"]
[Result "1/2-1/2"]
[WhiteElo "2412"]
[BlackElo "2308"]
[WhiteFideId "1547887"]
[BlackFideId "1756079"]
[EventDate "2026.02.13"]
[EventType "swiss"]
[EventRounds "6"]
[EventCountry "DEN"]
[SourceTitle "Live v. Fredericia Chess Club"]

1. e4 e6 2. Qe2 c5 3. Nf3 Nc6 4. g3 g6 5. Bg2 Bg7 6. O-O e5 7. Na3 Nge7 8. Nc4 d6 9. a4 O-O 10. d3 h6 11. c3 Kh7 12. h3 f5 13. Bd2 Be6 14. Kh2 Qd7 15. Rad1 Rae8 16. Bc1 Bg8 17. Rfe1 d5 18. exd5 Nxd5 19. Qc2 Nb6 20. Nfd2 Qc7 21. Nxb6 axb6 22. Nc4 Na5 23. Nxa5 bxa5 24. Re2 Qb6 25. c4 Rd8 26. b3 Qc7 27. Bb2 Rfe8 28. Rde1 Bf7 29. Bc3 b6 30. Qb2 Rxd3 31. Bxe5 Bxe5 32. Rxe5 Rxe5 33. Rxe5 Qd6 34. Qe2 Rd2 35. Qe3 Rd3 36. Qe2 1/2-1/2

[Event "Nordisk Mesterskab Ungdom U17 2026"]
[Site "Fredericia"]
[Date "2026.02.14"]
[Round "3.3"]
[White "Asikainen, Eeli"]
[Black "Tripathi, Pratyush"]
[Result "1-0"]
[WhiteElo "2138"]
[BlackElo "2062"]
[WhiteFideId "515990"]
[BlackFideId "1763121"]
[EventDate "2026.02.13"]
[EventType "swiss"]
[EventRounds "6"]
[EventCountry "DEN"]
[SourceTitle "Live v. Fredericia Chess Club"]

1. e4 e6 2. d4 d5 3. Nd2 Be7 4. Ngf3 Nf6 5. e5 Nfd7 6. Bd3 c5 7. c3 b6 8. O-O Ba6 9. Bxa6 Nxa6 10. Re1 Nab8 11. c4 dxc4 12. Nxc4 b5 13. Nd6+ Bxd6 14. exd6 O-O 15. d5 e5 16. Nxe5 Nxe5 17. Rxe5 Qxd6 18. Bf4 Nd7 19. Rf5 Qg6 20. Qh5 Qxh5 21. Rxh5 Rfe8 22. Kf1 Re4 23. Be3 g6 24. Rh3 a5 25. Re1 Rae8 26. Bd2 Rxe1+ 27. Bxe1 a4 28. Bd2 h5 29. Rd3 f6 30. Be3 Kf7 31. Rc3 Rc8 32. h4 Ke7 33. Bf4 Ne5 34. Bxe5 fxe5 35. Ke2 Kd6 36. Rg3 Rg8 37. Rg5 Kxd5 38. f4 Re8 39. Ke3 Re6 40. f5 gxf5 41. Rxf5 Rg6 42. Rg5 Rh6 43. Rg8 Rf6 44. Rg5 Rh6 45. Rg8 b4 46. b3 a3 47. Rd8+ Rd6 48. Rh8 Rg6 49. Rd8+ Ke6 50. Kf2 Rg4 51. g3 Rd4 52. Re8+ Kf6 53. Ke2 c4 54. bxc4 Rxc4 55. Kd2 Rc3 56. Rg8 Rf3 57. Rf8+ Ke6 58. Rxf3 e4 59. Rb3 Kd5 1-0

[Event "Nordisk Mesterskab Ungdom U17 2026"]
[Site "Fredericia"]
[Date "2026.02.14"]
[Round "3.4"]
[White "Valpas, Jami"]
[Black "Briem, Gudrun Fanney"]
[Result "1/2-1/2"]
[WhiteElo "2112"]
[BlackElo "2004"]
[WhiteFideId "517046"]
[BlackFideId "2317486"]
[EventDate "2026.02.13"]
[EventType "swiss"]
[EventRounds "6"]
[EventCountry "DEN"]
[SourceTitle "Live v. Fredericia Chess Club"]

1. e4 c6 2. d4 d5 3. Nc3 dxe4 4. Nxe4 Nf6 5. Nxf6+ exf6 6. c3 a5 7. Bd3 Na6 8. Ne2 g6 9. O-O Bg7 10. a3 Nc7 11. b3 O-O 12. Bb2 f5 13. Qc2 Ne6 14. Rfd1 b6 15. Bc4 Bb7 16. b4 Qf6 17. bxa5 Rxa5 18. Qb3 b5 19. Bxe6 Qxe6 20. Qxe6 fxe6 21. Nf4 Kf7 22. Nd3 Rd8 23. Nc5 Bc8 24. f4 Rd5 25. Nd3 h6 26. h4 Ra7 27. Kf2 Bf6 28. g3 Bd7 29. Rdb1 Ke7 30. Bc1 Ra4 31. Rb4 Ra7 32. Be3 Be8 33. Rb3 Kf7 34. Nb4 Rc7 35. Nxd5 cxd5 36. Bd2 Be7 37. Rh1 Kf6 38. Kf3 Ra7 39. Bc1 Rc7 40. g4 fxg4+ 41. Kxg4 h5+ 42. Kf3 Kf5 43. Rh2 Bf6 44. Be3 Be7 45. Rh1 Ra7 46. Bc1 Rc7 47. Rh2 Rc8 48. Be3 Ra8 49. Rh1 Rc8 50. Bf2 Ra8 51. Re1 Bd7 52. Re5+ Kf6 53. Re1 Ra4 54. Ra1 Kf5 55. Bg3 1/2-1/2

[Event "Nordisk Mesterskab Ungdom U17 2026"]
[Site "Fredericia"]
[Date "2026.02.14"]
[Round "3.5"]
[White "Bjerg, Ludvig"]
[Black "Normann Topp, Xavi"]
[Result "1-0"]
[WhiteElo "1931"]
[BlackElo "1833"]
[WhiteFideId "1477676"]
[BlackFideId "1476106"]
[EventDate "2026.02.13"]
[EventType "swiss"]
[EventRounds "6"]
[EventCountry "DEN"]
[SourceTitle "Live v. Fredericia Chess Club"]

1. e4 c5 2. Nf3 g6 3. d4 cxd4 4. Nxd4 Bg7 5. c4 Nc6 6. Be3 Nf6 7. Nc3 d6 8. Be2 O-O 9. O-O Bd7 10. f3 Nxd4 11. Bxd4 a5 12. b3 Bc6 13. Rc1 Nd7 14. Bxg7 Kxg7 15. Qd4+ f6 16. f4 Qb6 17. Qxb6 Nxb6 18. a3 Nd7 19. b4 b6 20. Bd3 axb4 21. axb4 Ra3 22. Rfd1 Rfa8 23. Nd5 Kf7 24. Ne3 Rb3 25. Nc2 Rb2 26. Rb1 Rxb1 27. Rxb1 Nf8 28. Kf2 Ne6 29. Ke3 Ra2 30. Ra1 Rxa1 31. Nxa1 g5 32. g3 gxf4+ 33. gxf4 h6 34. Nb3 Bb7 35. Nd2 Nf8 36. Nf3 e5 37. f5 Bc6 38. Nd2 Bb7 39. Nb1 Ke7 40. Nc3 Bc6 41. Bc2 Nd7 42. Ba4 Bxa4 43. Nxa4 Kd8 44. Nc3 Nb8 45. Nd5 Nd7 46. Kd3 Kc8 47. Kc3 Kb7 48. Kb3 Ka7 49. Ka4 Ka6 50. Ne7 Kb7 51. Kb5 h5 52. Nd5 h4 53. h3 Nb8 54. Nxf6 Nc6 55. Ne8 Nd4+ 56. Ka4 Ne2 57. Nxd6+ Kc7 58. Nf7 Kb7 59. Nxe5 Ka7 60. f6 Kb7 61. f7 Ka7 62. f8=Q Kb7 63. Qe7+ Ka8 64. Kb5 Nc3+ 65. Ka6 Nxe4 66. Qd8# 1-0